| 000 | 00521nam a22001697a 4500 | ||
|---|---|---|---|
| 999 |
_c7788 _d7788 |
||
| 003 | GBCCL | ||
| 005 | 20241126110636.0 | ||
| 008 | 180921b ||||| |||| 00| 0 eng d | ||
| 040 | _cgbc | ||
| 082 |
_aVER 305.80954 _bLET |
||
| 245 |
_aLethil innkuan khangthu : _bthe chronicle of lethil family, _ccompiled by Langhthawnpau |
||
| 250 | _a2nd ed. | ||
| 260 |
_aLamka : _bLethil innkuan laibu bawl committee, _c2008 |
||
| 300 | _a119p. ; | ||
| 650 |
_aLethil -- Paite -- Tribe -- North East- India _913574 |
||
| 942 |
_2ddc _cBK |
||